LIBRARY ONLINE CATALOGUE

Doing educational research : (Record no. 3222)

MARC details
000 -LEADER
fixed length control field 00693nam a22002172 4500
001 - CONTROL NUMBER
control field 0000007500
005 - DATE AND TIME OF LATEST TRANSACTION
control field 20151217145838.0
008 - FIXED-LENGTH DATA ELEMENTS--GENERAL INFORMATION
fixed length control field 080208s xx 000 0 eng d
020 ## - INTERNATIONAL STANDARD BOOK NUMBER
International Standard Book Number 076197002 :
Terms of availability KES
040 ## - CATALOGING SOURCE
Original cataloging agency KABU
Transcribing agency KABU
245 10 - TITLE STATEMENT
Title Doing educational research :
Remainder of title a guide to first-time researchers /
Statement of responsibility, etc. edited by Clive Opie.
260 ## - PUBLICATION, DISTRIBUTION, ETC. (IMPRINT)
Place of publication, distribution, etc. London :
Name of publisher, distributor, etc. Sage,
Date of publication, distribution, etc. 2004.
300 ## - PHYSICAL DESCRIPTION
Extent xvi, 244 p.
650 #0 - SUBJECT ADDED ENTRY--TOPICAL TERM
Topical term or geographic name as entry element Education
General subdivision Research.
-- 0000148150
700 1# - ADDED ENTRY--PERSONAL NAME
Personal name Opie, Clive.
-- 0000158738
908 ## - PUT COMMAND PARAMETER (RLIN)
Put command parameter 080208
950 ## - LOCAL HOLDINGS (RLIN)
-- 1
Holdings
Withdrawn status Lost status Source of classification or shelving scheme Not for loan Home library Current library Date acquired Total Checkouts Full call number Barcode Date last seen Date last checked out Price effective from Koha item type
    Library of Congress Classification   Kabarak, Main Campus Kabarak, Main Campus 17/12/2015 1 LB1028 .D65 012022 12/10/2021 08/09/2021 17/12/2015 General Collection
    Library of Congress Classification   Kabarak, Main Campus Kabarak, Main Campus 17/12/2015   LB1028 .D65 003246 17/12/2015   17/12/2015 General Collection
    Library of Congress Classification   Kabarak, Main Campus Kabarak, Main Campus 17/12/2015   LB1028 .D65 006757 17/12/2015   17/12/2015 General Collection